Estatísticas para Filmes da Disney

Clique aqui para jogar o quiz

Estatísticas Gerais

  • Esse quiz foi jogado 1 164 vezes
    (582 desde o último reset)
  • A pontuação média é 22 de 62

Estatísticas das Respostas

AnoFilme% Correto
1950Cinderela
84%
1959A Bela Adormecida
77%
2019Frozen 2
77%
2013Frozen: Uma Aventura Congelante
77%
1991A Bela e a Fera
76%
2010Enrolados
75%
1998Mulan
70%
1989A Pequena Sereia
69%
2016Moana: Um Mar de Aventuras
68%
2009A Princesa e o Sapo
67%
1937Branca de Neve e os Sete Anões
62%
1995Pocahontas
59%
1992Aladdin
58%
2021Encanto
52%
1994O Rei Leão
52%
1961101 Dálmatas
48%
1940Pinóquio
46%
2012Detona Ralph
45%
1953Peter Pan
42%
1955A Dama e o Vagabundo
41%
1941Dumbo
40%
2023Wish
40%
1942Bambi
38%
1940Fantasia
37%
1967Mogli: O Menino Lobo
37%
2021Raya e o Último Dragão
37%
1997Hércules
35%
1999Tarzan
33%
1951Alice no País das Maravilhas
31%
1970Aristogatas
30%
2016Zootopia: Essa Cidade é o Bicho
30%
2002Lilo & Stitch
29%
1977Bernardo e Bianca
27%
1990Bernardo e Bianca na Terra dos Cangurus
27%
2000A Nova Onda do Imperador
26%
1996O Corcunda de Notre Dame
26%
2018WiFi Ralph: Quebrando a Internet
25%
2003Irmão Urso
23%
1981O Cão e a Raposa
23%
1973Robin Hood
23%
2001Atlantis: O Reino Perdido
22%
2008Bolt: Supercão
20%
2014Operação Big Hero
20%
2011Winnie the Pooh
20%
1977As Muitas Aventuras do Ursinho Puff
19%
2004Nem que a Vaca Tussa
18%
1999Fantasia 2000
17%
2022Mundo Estranho
16%
2007A Família do Futuro
15%
1963A Espada Era a Lei
14%
2000Dinossauro
14%
1985O Caldeirão Mágico
14%
2005O Galinho Chicken Little
14%
2002Planeta do Tesouro
14%
1942Alô Amigos
11%
1988Oliver e sua Turma
11%
1944Você Já Foi à Bahia?
11%
1986As Peripécias do Ratinho Detetive
9%
1946Música, Maestro!
7%
1949As Aventuras de Ichabod e Sr. Sapo
5%
1948Cante com Disney
4%
1947Como é Bom se Divertir
4%

Distribuição das Pontuações

Percentil de Números Respondidos

Porcentagem de Pessoas com Cada Pontuação

Sua Pontuação Histórica

Você não jogou esse quiz desde o último reset